| 000 | 01144nam a2200241 a 4500 | ||
|---|---|---|---|
| 003 | BD-DhJNU | ||
| 005 | 20251221071051.0 | ||
| 008 | 251108s2023 bg |||g |||| 000 1|ben|d | ||
| 020 | _a9789843546197 | ||
| 040 |
_aBD-DhJNU _bben _cBD-DhJNU _dBD-DhJNU |
||
| 041 | _aben | ||
| 082 |
_a891.44209 SMR _223 |
||
| 245 | 1 | 0 |
_aস্মৃতি সত্তা ভবিষ্যৎ বরেণ্য নাট্যজনদের কর্ম-পর্যালোচনা / _cসেলিম মোজাহার (সম্পাদনা) |
| 246 | _aSmriti Sotta Bhabishyat | ||
| 250 | _a1st ed. | ||
| 260 |
_aঢাকা : _bবাংলাদেশ শিল্পকলা একাডেমী, _c2023. |
||
| 300 |
_a২১৪ পৃ. : _bচিত্র ; _c২১ সেমি.। |
||
| 504 | _aগ্রন্থপঞ্জিগত নির্দেশিকা ও নিঘন্ট অন্তভূক্ত | ||
| 650 | _aবাংলা নাট্যসমালোচনা | ||
| 650 | _aBengali theatre criticism | ||
| 700 | a |
_aমোজাহার , সেলিম _eসম্পাদনা |
|
| 942 | _cBK | ||
| 999 |
_c2450 _d2450 |
||